Estonian Towns - Eesti Linnad - Statistics

General Stats
  • This quiz has been taken 128 times
  • The average score is 12 of 15
Answer Stats
Population Answer % Correct
39.375 Pärnu
100%
430.805 Tallinn
100%
93.715 Tartu
100%
56.103 Narva
96%
13.276 Kuressaare
84%
17.525 Viljandi
84%
9.838 Haapsalu
83%
12.022 Võru
83%
15.413 Rakvere
82%
34.394 Kohtla-Järve
72%
12.334 Valga
72%
10.398 Jõhvi
68%
12.989 Sillamäe
57%
15.189 Maardu
56%
9.775 Keila
53%
No matching quizzes found
Score Distribution
Percent of People with Each Score
Percentile by Number Answered
Your Score History
You have not taken this quiz